Capital, the state, and late industrialization : comparative perspectives on the Pacific Rim /

Bibliographic Details
Other Authors: Borrego, John, Álvarez, Alejandro, 1947-, Jomo K. S. (Jomo Kwame Sundaram)
Format: Book
Language:English
Published: Boulder, Colo. : Westview Press, 1996.
Series:Social change in global perspective (Boulder, Colo.)
Subjects:

MARC

Tag First Indicator Second Indicator Subfields
LEADER 00000cam a2200000 a 4500
001 in00001410165
005 20151020060910.0
008 960214s1996 coua b 001 0 eng
010 |a  96011299  
015 |a GB97-67097 
019 |a 38361991 
020 |a 0813329612 (hard : alk. paper) 
035 |a (OCoLC)34281563 
035 |9 AHN8132AM 
040 |a DLC  |c DLC  |d UKM  |d TXA  |d UtOrBLW 
043 |a ae-----  |a cl----- 
049 |a TXAM 
050 0 0 |a HD3616.E183  |b C37 1996 
082 0 0 |a 338.95  |2 20 
245 0 0 |a Capital, the state, and late industrialization :  |b comparative perspectives on the Pacific Rim /  |c edited by John Borrego, Alejandro Alvarez Bejar, and Jomo K.S. 
264 1 |a Boulder, Colo. :  |b Westview Press,  |c 1996. 
300 |a viii, 261 pages :  |b illustrations ;  |c 24 cm. 
336 |a text  |b txt  |2 rdacontent 
337 |a unmediated  |b n  |2 rdamedia 
338 |a volume  |b nc  |2 rdacarrier 
490 1 |a Social change in global perspective 
504 |a Includes bibliographical references and index. 
650 0 |a Industrial policy  |z East Asia. 
651 0 |a East Asia  |x Commercial policy. 
650 0 |a Capitalism  |z East Asia. 
650 0 |a Industrial policy  |z Latin America. 
651 0 |a Latin America  |x Commercial policy. 
650 0 |a Capitalism  |z Latin America. 
700 1 |a Borrego, John. 
700 1 |a Álvarez, Alejandro,  |d 1947- 
700 0 |a Jomo K. S.  |q (Jomo Kwame Sundaram) 
830 0 |a Social change in global perspective (Boulder, Colo.) 
948 |a c:cer  |d 20031105 
999 |a MARS 
999 f f |s 909620c8-7748-31f6-84ed-18f5bbe07ad4  |i 2424ce53-4812-3c84-b55b-f6abd27580bc  |t 0 
952 f f |p ric  |a Texas A&M University  |b Rellis Campus  |c Joint Library Facility  |d Remote Storage  |t 0  |e HD3616.E183 C37 1996  |h Library of Congress classification  |i unmediated -- volume  |m A14822562392 
998 f f |a HD3616.E183 C37 1996  |t 0  |l Remote Storage